000 00439nam a2200181 i 4500
001 bg
245 0 _aChemia fizyczna /
_cAndrzej Barański [i in.].
250 _aWyd.4 zm.
260 _aWarszawa,
_c1980.
650 9 _aChemia fizyczna
655 _aPodręczniki akademickie
700 1 _aBarański, Andrzej.
040 _cBPK
041 _apol
080 _a544(075.8)
942 _cKS
008 s pl f |000 0 pol
999 _c21908
_d21908
856 _uhttp://koha.tu.koszalin.pl/cgi-bin/koha/opac-detail.pl?biblionumber=21908
_yKatalog online BPK